নূরুল এবং তার নোট বই /

Bibliographic Details
Main Author: ইকবাল, মুহম্মদ জাফর
Format: Book
Language:Bengali
Published: ঢাকা : সময় প্রকাশন, ১৯৯৬ [তৃতীয় মুদ্রণ ২০০০].
Subjects:
Classic Catalogue: View this record in Classic Catalogue
LEADER 01276nam a2200253 4500
001 44475
003 BD-DhAAL
005 20250806133823.0
008 250707r20001996bg a|||| |||| 00| 1 ben d
020 |a 9844581117 
040 |a BD-DhAAL  |d BD-DhAAL 
041 |a ben 
082 |a 891.44371  |2 23 
100 |a ইকবাল, মুহম্মদ জাফর. 
245 |a নূরুল এবং তার নোট বই /  |c মুহম্মদ জাফর ইকবাল. 
260 |a ঢাকা :  |b সময় প্রকাশন,  |c ১৯৯৬ [তৃতীয় মুদ্রণ ২০০০]. 
300 |a ৭৮ পৃষ্ঠা :  |b চিত্র ;  |c ২২ সে. মি. 
541 |a Donated by Farhana Zahir (Assistant Professor, BBS, BRAC University)  |e 44475 
650 |a Bengali fiction  |z Bangladesh. 
650 |a Bengali literature. 
852 |a Ayesha Abed Library  |c General Stacks 
942 |2 ddc  |c BK 
999 |c 47321  |d 47321 
952 |0 0  |1 0  |2 ddc  |4 0  |6 891_443710000000000_IQB  |7 0  |9 77856  |a BRACUL  |b BRACUL  |c GEN  |d 2025-07-07  |e Donated by Farhana Zahir (Assistant Professor, BBS, BRAC University)   |g 55.00  |l 2  |m 11  |o 891.44371 IQB  |p 3010044475  |r 2025-11-04  |s 2025-09-20  |t 1  |w 2025-07-07  |y BK  |x Donated by Farhana Zahir (Assistant Professor, BBS, BRAC University)